000
00312pam a2200133 a 4500
020
_c
041
_h
082
_a
751.422
_b
MOS
100
_a
Marica Moses .
245
_a
Creative Water Color
_h
Textual Documents
260
_a
[s.l]:
_b
Sterling Publishing Co. in.com
300
_a
160:
_b
paper.
930
_a
5705
999
_c
239495
_d
239495